Quick Pick: Country by Oil Company Quiz Stats

 Plays Quiz Updated Apr 8, 2019

Score 0/10 Timer 01:00
1 Play Today
% Correct
United Kingdom
91%
United States
87.5%
Greece
85.2%
Russia
65%
Mexico
62.8%
China
59.7%
Malaysia
48.6%
France
46.2%
Indonesia
42.4%
Norway
33.5%

Today's Daily Dose

Missing Word
Video Games (A-Z)

Get the Picture
Tom Hanks

You're not logged in!

Compare scores with friends on all Sporcle quizzes.
OR
Log In

Sporcle TV

Today on Sporcle TV


Watch our educational content, quiz creation guides, and fun videos on Sporcle TV.

Show Comments

Extras

Top Quizzes Today


Score Distribution

Your Account Isn't Verified!

In order to create a playlist on Sporcle, you need to verify the email address you used during registration. Go to your Sporcle Settings to finish the process.

Report this User

Report this user for behavior that violates our Community Guidelines.

Details: